| 000 | 00688nam a2200241Ia 4500 | ||
|---|---|---|---|
| 003 | GCL | ||
| 008 | 140319s9999 xx 000 0 eng d | ||
| 040 |
_aGCL / _cGCL |
||
| 082 | 0 | 4 |
_aCC _b930.132 _bJ G |
| 100 | 1 | _aJACQUET, JEAN | |
| 245 | 1 | 0 |
_aLE GRAND TEMPLE D''ABOU-SIMBEL : _b1 - ARCHITECTURE / _cJACQUET, JEAN |
| 700 | 1 | _aEL- ACHIRIE,H | |
| 250 | _a1 | ||
| 260 |
_aالقاهرة : _bORGANISATION EGYPTIENNE DES ANTIQUITIES ، _c1984 |
||
| 300 |
_a39 P: _bILL,28 ؛ _c26 cm. |
||
| 650 | 0 | 4 | _aARCHAEOLOGY |
| 650 | 0 | 4 | _aTEMPLES |
| 650 | 0 | 4 | _aABU SIMBEL |
| 650 | 0 | 4 | _aEGYPT - AGRICULTURE |
| 650 | 0 | 4 | _aARCHAEOLOGY - HISTORY |
| 650 | 0 | 4 | _aTEMPLE OF ABU SIMBEL |
| 942 |
_2ddc _cBK |
||
| 999 |
_c4900 _d4900 |
||